Statistics for Top 50 Best Selling Car Brands of 2018

Click here to take the quiz!

General Stats

  • This quiz has been taken 413 times
  • The average score is 21 of 50

Answer Stats

#Car Brand2018 Sales% Correct
1Toyota3.54M
94%
3Ford2.38M
91%
12BMW857K
89%
5Honda2.02M
89%
10Mercedes1.09M
85%
13Audi795K
84%
2Volkswagen2.90M
82%
6Hyundai1.80M
80%
4Nissan2.06M
78%
7Chevrolet1.65M
77%
8Kia1.20M
72%
17Fiat666K
66%
23Mitsubishi510K
61%
9Renault1.10M
61%
37Volvo256K
59%
38Dodge250K
58%
16Jeep670K
58%
27Subaru418K
58%
15Mazda699K
57%
11Peugeot922K
56%
34Lexus278K
53%
22Skoda538K
53%
24Citroen479K
52%
44Land Rover198K
50%
18Suzuki619K
48%
48Cadillac168K
46%
26Opel457K
45%
40Seat228K
45%
35GMC273K
44%
21Buick548K
34%
30Dacia292K
34%
50Lada148K
34%
33Tata284K
30%
36Ram263K
24%
32Daihatsu290K
19%
19Geely597K
14%
46BYD185K
8%
41Chery208K
8%
47Mahindra181K
6%
25Wuling476K
5%
42Baic207K
4%
28Baojun412K
4%
20Changan592K
3%
29Dongfeng385K
3%
31Haval291K
3%
45Roewe195K
3%
49Foton167K
2%
43JAC203K
2%
14Maruti751K
2%
39Trumpchi229K
1%

Score Distribution

Percentile by Number Answered

Percent of People with Each Score

Your Score History

You have not taken this quiz